000 00283nam a22001217a 4500
008 181015b xxu||||| |||| 00| 0 eng d
041 _aeng
080 _a616.8
100 _a7
101 _aTRU
245 _aThe Human Brain its capacities and functions
_cAsimos,I
942 _2udc
_cBK
999 _c49616
_d49616